<?xml version="1.0" encoding="UTF-8"?><collection xmlns="info:lc/xmlns/marcxchange-v2"><record format="Unimarc" type="bibliographic"><leader>00606nam  2200205   450 </leader><controlfield tag="001">2187914</controlfield><controlfield tag="003">http://id.bnportugal.gov.pt/bib/porbase/2187914</controlfield><datafield ind1=" " ind2=" " tag="010"><subfield code="a">1-85728-068-7</subfield><subfield code="b">brochado</subfield><subfield code="d">oferta</subfield></datafield><datafield ind1=" " ind2=" " tag="035"><subfield code="a">UNLCSH_BC_150.iso/06-07-2009/53901</subfield></datafield><datafield ind1=" " ind2=" " tag="035"><subfield code="a">20050926100034</subfield></datafield><datafield ind1=" " ind2=" " tag="100"><subfield code="a">20050926d2000    k  y0porb0103    ba</subfield></datafield><datafield ind1="0" ind2=" " tag="101"><subfield code="a">eng</subfield></datafield><datafield ind1=" " ind2=" " tag="102"><subfield code="a">GB</subfield></datafield><datafield ind1="1" ind2=" " tag="200"><subfield code="a">Risk</subfield><subfield code="f">John Adams</subfield></datafield><datafield ind1=" " ind2=" " tag="205"><subfield code="a">5th ed</subfield></datafield><datafield ind1=" " ind2=" " tag="210"><subfield code="a">London</subfield><subfield code="c">Routledge</subfield><subfield code="d">2000</subfield></datafield><datafield ind1=" " ind2=" " tag="215"><subfield code="a">XII, 228 p.</subfield><subfield code="c">il.</subfield><subfield code="d">23 cm</subfield></datafield><datafield ind1=" " ind2=" " tag="300"><subfield code="a">Contém referências bibliográficas e índice</subfield></datafield><datafield ind1=" " ind2=" " tag="675"><subfield code="a">366.4"20"</subfield><subfield code="v">BN</subfield><subfield code="z">por</subfield></datafield><datafield ind1=" " ind2="1" tag="700"><subfield code="a">Adams</subfield><subfield code="b">John</subfield><subfield code="f">1938-</subfield></datafield><datafield ind1=" " ind2="0" tag="801"><subfield code="a">PT</subfield><subfield code="b">UNLCSH</subfield><subfield code="g">RPC</subfield></datafield></record></collection>